|
|
|
|
| LEADER |
00000nkm a2200000 a 4500 |
| 001 |
vtls011580105 |
| 003 |
SK-MaSNL |
| 005 |
20260512125732.0 |
| 007 |
kp bo |
| 008 |
231214q1932 xo g kuslo |
| 015 |
|
|
|a SNBG
|
| 035 |
|
|
|a urn:nbn:sk:snk-km00bs77
|
| 035 |
|
|
|a urn:nbn:sk:snk-km3loiz
|
| 035 |
|
|
|a 634DBF3F-2620-446F-987B-7EE255A803E1
|
| 040 |
|
|
|a SNK
|b slo
|c SNK
|e AACR2
|
| 041 |
0 |
|
|a slo
|
| 043 |
|
|
|a e-xo---
|
| 044 |
|
|
|a xo
|c SK
|
| 080 |
|
|
|a 711.435(437.6)
|2 2011
|
| 080 |
|
|
|a 712.253
|2 2011
|
| 080 |
|
|
|a 913(437.6)
|2 2011
|
| 080 |
|
|
|a 725.21
|2 2011
|
| 080 |
|
|
|a (437.6)
|2 2011
|
| 080 |
|
|
|a (084.121)
|2 2011
|
| 245 |
0 |
0 |
|a Piešťany
|h grafika
|b park
|
| 260 |
|
|
|a Piešťany
|b Josef Kocourek
|c [1932?]
|e [Sadská]
|f Bromografia
|
| 300 |
|
|
|a 1 pohľadnica
|b čiernobiela
|c 9 x 14 cm
|
| 500 |
|
|
|a Pozn.: Pravá fotografie
|
| 520 |
8 |
|
|a Zobrazenie: Hudobný pavilón v strede, v popredí lavička a vľavo palma s vejárovitými listami
|
| 610 |
2 |
7 |
|a Hudobný pavilón Mušľa (Piešťany, Slovensko)
|2 SNKKA
|9 179116
|
| 650 |
0 |
7 |
|a parky
|2 SNKPH
|9 2942
|
| 650 |
0 |
7 |
|a hudobné pavilóny
|2 SNKPH
|9 114212
|
| 651 |
|
7 |
|a Kúpeľný park (Piešťany, Slovensko)
|2 SNKPH
|9 343222
|
| 651 |
|
7 |
|a Piešťany (Slovensko)
|2 SNKPH
|9 23981
|
| 655 |
|
7 |
|a miestne pohľadnice
|2 SNKPH
|9 70510
|
| 852 |
|
|
|a Slovenská národná knižnica
|
| 958 |
|
|
|a GC
|
| 958 |
|
|
|a GBN
|
| 958 |
|
|
|a OND
|
| 999 |
|
|
|c 1104494
|d 1106424
|
| 952 |
|
|
|a SNK
|b SNK
|y PREZ
|7 0
|p 17A1209123
|o snkSP 22002
|0 0
|1 0
|4 0
|d 2016-09-19
|f 1
|l 0
|r 2026-02-24 17:41:44
|w 2026-02-24
|